| 000 | 00819nam a2200289Ia 4500 | ||
|---|---|---|---|
| 008 | 160319s9999 xx 000 0 und d | ||
| 020 | _a0-439283132 | ||
| 050 | _a493.1 | ||
| 050 | _b.A676h 1999 | ||
| 100 | _aArdagh, Philip | ||
| 245 | 4 | _aThe hieroglyphs handbook : | |
| 245 | _bteach yourself ancient Egyptian / | ||
| 245 | _c Philip Ardagh. | ||
| 260 | _a New York : | ||
| 260 | _bScholastic Inc. | ||
| 260 | _c1999 | ||
| 300 | _a96 pages ; | ||
| 300 | _billustrations : | ||
| 300 | _c20 cm. | ||
| 500 | _aCover title--The heiroglyphs handbook: teach yourself ancient Egyptian." | ||
| 650 | _a Hieroglyphics -- | ||
| 650 | _aEgypt -- History -- | ||
| 650 | _aWriting -- History -- | ||
| 650 | _xJuvenile literature. | ||
| 650 | _xJuvenile literature. | ||
| 650 | _xJuvenile literature. | ||
| 999 |
_c291991 _d291991 |
||